[Event "402 Stay Safe Play From Home series"]
[Site "Emanuel Lasker Arena"]
[Date "2020.08.21"]
[Round "6"]
[White "Ionelluca"]
[Black "Schachwerk_64"]
[Result "0-1"]
[WhiteElo "2063"]
[BlackElo "1922"]
[Annotator "NA RC"]
[PlyCount "116"]
[EventDate "2020.08.21"]
[EventType "swiss (blitz)"]

1. c4 {[%emt 0:00:08]} e5 {[%emt 0:00:07]} 2. Nc3 {[%emt 0:00:02]} Nf6 {[%emt 0:00:04]} 3. g3 {[%emt 0:00:01]} d5 {[%emt 0:00:01]} 4. cxd5 {[%emt 0:00:01]} Nxd5 {[%emt 0:00:00]} 5. Bg2 {[%emt 0:00:01]} Nb6 {[%emt 0:00:00]} 6. d3 {[%emt 0:00:01]} Nc6 {[%emt 0:00:04]} 7. Be3 {[%emt 0:00:01]} Be7 {[%emt 0:00:02]} 8. Rc1 {[%emt 0:00:01]} O-O {[%emt 0:00:02]} 9. b3 {[%emt 0:00:10]} Nd4 {[%emt 0:00:03]} 10. Ne4 {[%emt 0:00:03]} c6 {[%emt 0:00:09]} 11. Nc5 {[%emt 0:00:07]} Nd5 {[%emt 0:00:08]} 12. Bxd4 {[%emt 0:00:09]} exd4 {[%emt 0:00:02]} 13. Ne4 {[%emt 0:00:09]} f5 {[%emt 0:00:14]} 14. Nd2 {[%emt 0:00:02]} Nc3 {[%emt 0:00:23]} 15. Qc2 {[%emt 0:00:03]} Ba3 {[%emt 0:00:01]} 16. Ra1 {[%emt 0:00:03]} Re8 {[%emt 0:00:03]} 17. Bf1 {[%emt 0:00:37]} f4 {[%emt 0:00:15]} 18. Ngf3 {[%emt 0:00:03]} Bf5 {[%emt 0:00:12]} 19. b4 {[%emt 0:00:03]} a5 {[%emt 0:00:07]} 20. Qb3+ {[%emt 0:00:02]} Kh8 {[%emt 0:00:04]} 21. Qxa3 {[%emt 0:00:01]} Bxd3 {[%emt 0:00:16]} 22. gxf4 {[%emt 0:00:17]} Bxe2 {[%emt 0:00:17]} 23. Ne5 {[%emt 0:00:11]} Qd5 {[%emt 0:00:32]} 24. Ndc4 {[%emt 0:01:02]} Bxc4 {[%emt 0:00:09]} 25. Bxc4 {[%emt 0:00:05]} Qxc4 {[%emt 0:00:01]} 26. Qb2 {[%emt 0:00:08]} d3 {[%emt 0:00:28]} 27. Rd1 {[%emt 0:00:08]} Qe4+ {[%emt 0:00:01]} 28. Kd2 {[%emt 0:00:02]} Nd5 {[%emt 0:00:02]} 29. Rhg1 {[%emt 0:00:06]} Qxf4+ {[%emt 0:00:01]} 30. Kxd3 {[%emt 0:00:07]} Nxb4+ {[%emt 0:00:03]} 31. Kc3 {[%emt 0:00:04]} Qxe5+ {[%emt 0:00:01]} 32. Kb3 {[%emt 0:00:01]} Qe6+ {[%emt 0:00:08]} 33. Ka3 {[%emt 0:00:01]} Qf6 {[%emt 0:00:05]} 34. Qxf6 {[%emt 0:00:01]} gxf6 {[%emt 0:00:00]} 35. Rd7 {[%emt 0:00:01]} Rg8 {[%emt 0:00:02]} 36. Re1 {[%emt 0:00:03]} Rg7 {[%emt 0:00:02]} 37. Rd6 {[%emt 0:00:03]} Rc8 {[%emt 0:00:03]} 38. Ree6 {[%emt 0:00:02]} Rf8 {[%emt 0:00:01]} 39. Ka4 {[%emt 0:00:01]} h6 {[%emt 0:00:02]} 40. a3 {[%emt 0:00:01]} Nc2 {[%emt 0:00:01]} 41. Kxa5 {[%emt 0:00:01]} Nxa3 {[%emt 0:00:02]} 42. Kb6 {[%emt 0:00:00]} Nc4+ {[%emt 0:00:01]} 43. Kc5 {[%emt 0:00:03]} Nxd6 {[%emt 0:00:00]} 44. Rxd6 {[%emt 0:00:00]} Kh7 {[%emt 0:00:01]} 45. Rd4 {[%emt 0:00:01]} f5 {[%emt 0:00:02]} 46. Kb6 {[%emt 0:00:01]} Kg6 {[%emt 0:00:01]} 47. f4 {[%emt 0:00:01]} Rf6 {[%emt 0:00:02]} 48. Rd8 {[%emt 0:00:01]} Kh5 {[%emt 0:00:02]} 49. Rh8 {[%emt 0:00:03]} Kg4 {[%emt 0:00:01]} 50. Rd8 {[%emt 0:00:02]} Kxf4 {[%emt 0:00:01]} 51. Rd2 {[%emt 0:00:00]} Kf3 {[%emt 0:00:01]} 52. Rc2 {[%emt 0:00:01]} f4 {[%emt 0:00:01]} 53. Rc3+ {[%emt 0:00:00]} Kg2 {[%emt 0:00:01]} 54. Rc2+ {[%emt 0:00:01]} Kh3 {[%emt 0:00:01]} 55. Rf2 {[%emt 0:00:01]} f3 {[%emt 0:00:01]} 56. Kc5 {[%emt 0:00:01]} Rg2 {[%emt 0:00:01]} 57. Rf1 {[%emt 0:00:02]} f2 {[%emt 0:00:01]} 58. Kb6 {[%emt 0:00:01]} Rg1 {[%emt 0:00:01] Ionelluca resigns Ionelluca resigns Ionelluca resigns (Lag: Av=0.78s, max=1.2s) (Lag: Av=0.78s, max=1.2s) (Lag: Av=0.78s, max=1.2s)} 0-1

[Event "402 Stay Safe Play From Home series"]
[Site "Emanuel Lasker Arena"]
[Date "2020.08.21"]
[Round "6"]
[White "Patzeroglu"]
[Black "Chesstiger9"]
[Result "0-1"]
[WhiteElo "1979"]
[BlackElo "2133"]
[Annotator "TA"]
[PlyCount "187"]
[EventDate "2020.08.21"]
[EventType "swiss (blitz)"]

{[%evp 11,187,0,1,-14,53,68,62,38,45,50,83,71,87,48,74,63,68,64,75,40,39,26,52,41,36,0,0,0,0,0,0,0,56,-63,-12,-8,-17,-15,0,0,85,0,22,27,16,10,12,12,7,17,122,120,98,89,80,-52,-45,-39,-46,-118,-112,-98,-116,-118,-34,-218,0,-7,-5,-62,0,0,0,-64,0,-13,0,-18,0,-59,-60,-60,0,0,0,0,0,-371,0,0,0,-307,0,0,0,-247,-253,-746,-664,-511,-508,-5895,-12827,-12838,-12838,-12839,-12838,-12842,-12840,-12843,-12842,-12842,-12841,-12843,-12843,-12844,-12839,-12841,-12841,-12843,-12843,-12844,-12844,-12851,-27999,-12851,-27999,-12851,-12851,-12851,-27999,-12851,-27999,-29979,0,0,0,0,0,0,0,0,0,0,0,0,0,0,0,0,0,0,0,0,0,0,0,0,0,0,0,0,0,0,0,0,0,0,0,0,0,0,0,0,0,-27998,0,0]} 1. e4 c5 2. Nf3 e6 3. d4 cxd4 4. Nxd4 a6 5. Be3 Qc7 6. Nd2 Nf6 7. f4 {B41: Sicilian: Kan Variation: 5 c4.} d5 (7... Bc5 $11) 8. e5 $14 {[#]} Ne4 $146 ({Predecessor:} 8... Nfd7 9. Bd3 Nc6 10. c3 Be7 11. O-O Nc5 12. Bc2 Bd7 13. b4 Ne4 14. Nxe4 dxe4 15. Bxe4 {1-0 (30) Englund,F-Sartori,A Barmen 1905}) 9. Bd3 {White is slightly better.} Nxd2 10. Qxd2 g6 11. O-O Nc6 12. Nxc6 bxc6 13. c4 Be7 14. Rac1 Qd7 15. Qa5 O-O 16. b4 d4 17. Bf2 c5 $1 18. Be4 Bb7 19. Bxb7 Qxb7 20. bxc5 Rfd8 21. Qb6 Qe4 ({Black should try} 21... Qa7 $11) 22. Qc7 (22. Rce1 $1 $14 Qxf4 23. c6) 22... Bf8 (22... Kf8 $15) 23. Rce1 $11 Qc2 24. c6 Qxc4 25. Rc1 $36 {[%mdl 2048] White fights for an advantage.} Qd5 (25... Qb5 $11) 26. Bh4 (26. Qb6 $16) 26... Rdc8 27. Qd7 Qxa2 28. c7 (28. Rb1 {is more complex.} Bc5 29. Kh1 Qa4 30. Rb7 Rf8 31. Bg5) 28... Qd5 29. Qxd5 exd5 30. Rfd1 Ra7 (30... Bb4 $1 $11 {keeps the balance.}) 31. Bd8 $16 ({Don't take} 31. Rxd4 $6 Rcxc7 32. Rxc7 Rxc7 $11) 31... Rb7 32. Rxd4 Rb5 33. Rc6 (33. Kf1 $16) 33... Bc5 $15 34. Rxc5 $1 Rxc5 {[%mdl 4096] Endgame KRR-KRB} 35. Kf2 (35. Rd3 $15) 35... Kf8 $17 36. g4 Ke8 37. f5 Kd7 ({Better is} 37... a5 $17 38. Ke3 Kd7) 38. Kg3 $2 (38. Rb4 $15) 38... Rxd8 $2 (38... a5 $1 $19 {Strongly threatening ...Ra8.} 39. Rf4 g5 $1 {[%mdl 512]}) 39. cxd8=Q+ Kxd8 $19 {KR-KR} 40. Rd1 ({White should play} 40. Rd3 $11) 40... Ke7 (40... a5 $15) 41. Kf4 $11 h6 42. h4 (42. Ke3 $11) 42... Rc4+ (42... a5 $1 $15 43. Ke3 a4) 43. Kg3 gxf5 44. gxf5 d4 45. Rb1 (45. Ra1 $11) 45... d3 $1 $15 46. Kf3 $1 Rxh4 (46... d2 $15 47. Rb7+ Ke8 48. Rb8+ Kd7) 47. Rb7+ $1 $11 Ke8 {...Rd4 is the strong threat.} 48. Rb8+ Kd7 49. Rb7+ $2 {[%mdl 8192]} (49. Ke3 $1 $11) 49... Ke8 $2 (49... Kc6 $19 50. Ra7 Kd5) 50. Ke3 Rh5 (50... f6 $5) 51. Rb8+ $2 {[%mdl 8192]} (51. Kxd3 $11 {and White stays safe.} Rxf5 52. Ke4) 51... Kd7 52. Rb7+ Ke8 53. Rb8+ Ke7 54. f6+ $2 (54. Kxd3 Rxf5 55. Ke4) 54... Ke6 $19 55. Re8+ Kd5 56. e6 (56. Kf4 $142 Rh4+ 57. Ke3) 56... Re5+ {[%mdl 64] Double Attack} 57. Kxd3 Rxe6 58. Rd8+ Ke5 59. Rh8 Rxf6 60. Rh7 Kf4 61. Rh8 Kg5 62. Ke2 h5 63. Rg8+ Kh4 64. Rb8 Kg4 65. Rb4+ Rf4 66. Rb6 h4 67. Rxa6 h3 68. Rh6 Rf5 69. Rh7 Rh5 70. Rg7+ Rg5 71. Rh7 Kg3 (71... f6 $19 72. Rh6 Rh5 73. Rxf6 h2 74. Rg6+ Kh3 75. Rc6 h1=Q 76. Rc3+ Kg2 77. Rc2 Qf1+ 78. Ke3+ Kg3 79. Rc3 Qf3+ 80. Kd4 Rh4+ 81. Ke5 Qxc3+ 82. Kd6 Rh6+ 83. Kd5 Qc6+ 84. Ke5 Rd6 85. Kf5 Qd5#) 72. Kf1 Rf5+ $2 (72... h2 {mates} 73. Ke2 f5 74. Ke3 Rg4 75. Ke2 Rh4 76. Rg7+ Kh3 77. Re7 h1=Q 78. Re3+ Kg2 79. Kd2 Qb1 80. Kc3 Qc1+ 81. Kb3 Qxe3+ 82. Kc2 Rd4 83. Kb2 Rd2+ 84. Kc1 Qe1#) 73. Kg1 $11 f6 {Threatens to win with ...Ra5.} 74. Rh6 Rf4 75. Rg6+ Kf3 {( -> ...Rg4+)} 76. Kh2 f5 77. Ra6 Rh4 {aiming for ...f4.} 78. Ra3+ Kg4 {White must now prevent ...f4.} 79. Ra4+ Kg5 80. Ra5 Rc4 81. Kxh3 Rc3+ 82. Kg2 Kg4 83. Ra4+ f4 {And now ...Rc2+ would win.} 84. Ra8 Rc2+ 85. Kg1 Kg3 {[%cal Rc2c1]} (85... Rc1+ {is interesting.}) 86. Rg8+ Kf3 87. Ra8 Rc1+ 88. Kh2 Re1 89. Ra3+ Re3 90. Ra4 Re4 91. Ra3+ Kf2 {Hoping for ...Re8.} 92. Ra2+ Re2 93. Ra4 {[#]} f3 $2 (93... Kf1+ $1 94. Kh3 Re3+ 95. Kg4 f3) 94. Ra1 {[%mdl 32768] Accuracy: White = 70%, Black = 77%. . Loss on time!?} 0-1

[Event "402 Stay Safe Play From Home series"]
[Site "Emanuel Lasker Arena"]
[Date "2020.08.21"]
[Round "6"]
[White "Dukic"]
[Black "Lazieri3"]
[Result "1-0"]
[WhiteElo "1963"]
[BlackElo "2050"]
[Annotator "TA"]
[PlyCount "71"]
[EventDate "2020.08.21"]
[EventType "swiss (blitz)"]

{[%evp 18,71,24,21,23,21,31,12,32,18,19,0,0,0,0,0,0,-24,-12,-24,-24,-20,-22,-27,-9,-27,-9,-5,12,7,218,5,5,3,41,10,15,15,17,0,0,0,0,0,15,15,15,15,15,16,16,16,19,6,952,924]} 1. d4 c6 2. c4 d5 3. cxd5 cxd5 4. Nc3 Nc6 5. Nf3 Nf6 6. Bf4 e6 7. e3 Bd6 8. Bxd6 Qxd6 9. Bd3 O-O 10. O-O h6 {D13: Slav Defence: Exchange variation without ...Bf5.} 11. Rc1 {[#]} Rd8 $146 ({Predecessor:} 11... Bd7 12. a3 Rac8 13. b4 Rfd8 14. Qb3 Qb8 15. a4 Qd6 16. Na2 a5 {½-½ (36) Sargsyan,S (2409)-Zarubitski,V (2325) Kirishi 2017}) 12. Na4 e5 {The position is equal.} 13. dxe5 Nxe5 14. Nxe5 Qxe5 15. h3 Be6 16. Qe2 b6 17. b3 Rac8 18. Ba6 Rxc1 19. Rxc1 Qg5 20. f4 Qg3 21. Qf2 Qxf2+ 22. Kxf2 Ne4+ 23. Kf3 Rd7 $2 {[#]} (23... g6 $11) 24. Bb5 $2 (24. f5 $1 $18 {[%mdl 512]}) 24... Re7 $11 25. Bd3 Bf5 26. Bxe4 Bxe4+ $14 {[%mdl 4096] Endgame KRB-KRN} 27. Kf2 g5 28. fxg5 hxg5 29. Rc8+ Kg7 30. Nc3 Rd7 31. Ne2 Bb1 32. a3 Be4 33. Nd4 Kf6 34. g4 Kg6 35. Nc6 {Hoping for Ne5+.} f5 $2 {[%mdl 8192]} (35... Rd6 $11) 36. Ne5+ {[%mdl 64] Double Attack. Accuracy: White = 84%, Black = 70%.} 1-0

[Event "402 Stay Safe Play From Home series"]
[Site "Emanuel Lasker Arena"]
[Date "2020.08.21"]
[Round "6"]
[White "Erdema"]
[Black "Padmaesh M K"]
[Result "0-1"]
[WhiteElo "1742"]
[BlackElo "1845"]
[Annotator "NA RC"]
[PlyCount "152"]
[EventDate "2020.08.21"]
[EventType "swiss (blitz)"]

1. e4 {[%emt 0:00:02]} c5 {[%emt 0:00:02]} 2. Nf3 {[%emt 0:00:01]} d6 {[%emt 0:00:01]} 3. d4 {[%emt 0:00:01]} cxd4 {[%emt 0:00:00]} 4. Nxd4 {[%emt 0:00:01]} Nf6 {[%emt 0:00:00]} 5. Nc3 {[%emt 0:00:02]} g6 {[%emt 0:00:01]} 6. Be2 {[%emt 0:00:02]} Bg7 {[%emt 0:00:01]} 7. Be3 {[%emt 0:00:04]} O-O {[%emt 0:00:01]} 8. O-O {[%emt 0:00:02]} Nc6 {[%emt 0:00:01]} 9. a3 {[%emt 0:00:02]} Bd7 {[%emt 0:00:08]} 10. Rb1 {[%emt 0:00:02]} Rc8 {[%emt 0:00:03]} 11. f4 {[%emt 0:00:02]} a6 {[%emt 0:00:15]} 12. Bf3 {[%emt 0:00:02]} Qc7 {[%emt 0:00:24]} 13. h3 {[%emt 0:00:32]} e5 {[%emt 0:00:20]} 14. fxe5 {[%emt 0:00:04]} dxe5 {[%emt 0:00:04]} 15. Nb3 {[%emt 0:00:05]} Rfd8 {[%emt 0:00:08]} 16. Qe2 {[%emt 0:00:02]} Be6 {[%emt 0:00:04]} 17. Nc5 {[%emt 0:00:08]} Qe7 {[%emt 0:00:06]} 18. Nxe6 {[%emt 0:00:03]} Qxe6 {[%emt 0:00:00]} 19. Nd5 {[%emt 0:00:08]} Nd4 {[%emt 0:00:07]} 20. Bxd4 {[%emt 0:00:03]} exd4 {[%emt 0:00:01]} 21. Qd3 {[%emt 0:00:05]} Nxd5 {[%emt 0:00:04]} 22. exd5 {[%emt 0:00:02]} Qe3+ {[%emt 0:00:01]} 23. Qxe3 {[%emt 0:00:04]} dxe3 {[%emt 0:00:00]} 24. c3 {[%emt 0:00:05]} b5 {[%emt 0:00:08]} 25. Rfe1 {[%emt 0:00:02]} Re8 {[%emt 0:00:03]} 26. Re2 {[%emt 0:00:03]} Rcd8 {[%emt 0:00:02]} 27. Rbe1 {[%emt 0:00:03]} Bf8 {[%emt 0:00:01]} 28. Kh1 {[%emt 0:00:06]} Bc5 {[%emt 0:00:08]} 29. Rd1 {[%emt 0:00:03]} Rd6 {[%emt 0:00:02]} 30. Rd3 {[%emt 0:00:06]} f5 {[%emt 0:00:02]} 31. g3 {[%emt 0:00:03]} Kf7 {[%emt 0:00:03]} 32. h4 {[%emt 0:00:03]} Rd7 {[%emt 0:00:06]} 33. Rd1 {[%emt 0:00:03]} Bd6 {[%emt 0:00:03]} 34. Kg2 {[%emt 0:00:06]} Kf6 {[%emt 0:00:01]} 35. Rde1 {[%emt 0:00:08]} Rde7 {[%emt 0:00:01]} 36. Rc2 {[%emt 0:00:17]} Rc8 {[%emt 0:00:06]} 37. Rce2 {[%emt 0:00:08]} Bc5 {[%emt 0:00:02]} 38. Rd1 {[%emt 0:00:06]} Rd7 {[%emt 0:00:06]} 39. Rd3 {[%emt 0:00:03]} a5 {[%emt 0:00:01]} 40. h5 {[%emt 0:00:16]} g5 {[%emt 0:00:02]} 41. g4 {[%emt 0:00:09]} f4 {[%emt 0:00:02]} 42. Be4 {[%emt 0:00:04]} Rd6 {[%emt 0:00:01]} 43. Bxh7 {[%emt 0:00:04]} Rcd8 {[%emt 0:00:06]} 44. Be4 {[%emt 0:00:02]} Ke5 {[%emt 0:00:01]} 45. Bf3 {[%emt 0:00:03]} Rb8 {[%emt 0:00:03]} 46. Re1 {[%emt 0:00:11]} Rbb6 {[%emt 0:00:06]} 47. Rh1 {[%emt 0:00:03]} b4 {[%emt 0:00:02]} 48. a4 {[%emt 0:00:02]} bxc3 {[%emt 0:00:02]} 49. b3 {[%emt 0:00:04]} Rxb3 {[%emt 0:00:04]} 50. Rc1 {[%emt 0:00:03]} Rb2+ {[%emt 0:00:05]} 51. Kh3 {[%emt 0:00:05]} Bb4 {[%emt 0:00:01]} 52. Bd1 {[%emt 0:00:14]} Rd2 {[%emt 0:00:06]} 53. Bc2 {[%emt 0:00:09]} Rxd3 {[%emt 0:00:02]} 54. Bxd3 {[%emt 0:00:02]} Rxd5 {[%emt 0:00:01]} 55. Be2 {[%emt 0:00:05]} Rd8 {[%emt 0:00:06]} 56. Kg2 {[%emt 0:00:07]} Rd2 {[%emt 0:00:08]} 57. Kf3 {[%emt 0:00:02]} c2 {[%emt 0:00:03]} 58. h6 {[%emt 0:00:03]} Bf8 {[%emt 0:00:02]} 59. h7 {[%emt 0:00:01]} Bg7 {[%emt 0:00:01]} 60. Rh1 {[%emt 0:00:03]} Bh8 {[%emt 0:00:01]} 61. Rc1 {[%emt 0:00:03]} Kd4 {[%emt 0:00:01]} 62. Bf1 {[%emt 0:00:04]} Kc3 {[%emt 0:00:01]} 63. Be2 {[%emt 0:00:02]} Kb2 {[%emt 0:00:01]} 64. Rh1 {[%emt 0:00:02]} c1=Q {[%emt 0:00:01]} 65. Rxc1 {[%emt 0:00:01]} Kxc1 {[%emt 0:00:00]} 66. Bb5 {[%emt 0:00:02]} Kd1 {[%emt 0:00:03]} 67. Ke4 {[%emt 0:00:04]} e2 {[%emt 0:00:02]} 68. Bxe2+ {[%emt 0:00:01]} Rxe2+ {[%emt 0:00:02]} 69. Kf3 {[%emt 0:00:01]} Re3+ {[%emt 0:00:01]} 70. Kg2 {[%emt 0:00:01]} Ke2 {[%emt 0:00:01]} 71. Kg1 {[%emt 0:00:02]} Rf3 {[%emt 0:00:02]} 72. Kg2 {[%emt 0:00:01]} Rf2+ {[%emt 0:00:02]} 73. Kh3 {[%emt 0:00:02]} Rf3+ {[%emt 0:00:04]} 74. Kg2 {[%emt 0:00:01]} Rg3+ {[%emt 0:00:01]} 75. Kh2 {[%emt 0:00:01]} Kf2 {[%emt 0:00:01]} 76. Kh1 {[%emt 0:00:01]} Rh3# {[%emt 0:00:01] (Lag: Av=0.62s, max=1.4s) (Lag: Av=0.62s, max=1.4s) (Lag: Av=0.62s, max=1.4s)} 0-1

[Event "402 Stay Safe Play From Home series"]
[Site "Emanuel Lasker Arena"]
[Date "2020.08.21"]
[Round "6"]
[White "Timbre"]
[Black "Shakh"]
[Result "0-1"]
[WhiteElo "1636"]
[BlackElo "1748"]
[Annotator "NA RC"]
[PlyCount "74"]
[EventDate "2020.08.21"]
[EventType "swiss (blitz)"]

1. d4 {[%emt 0:00:17]} d5 {[%emt 0:00:03]} 2. Nf3 {[%emt 0:00:01]} c6 {[%emt 0:00:01]} 3. c3 {[%emt 0:00:01]} g6 {[%emt 0:00:02]} 4. Bf4 {[%emt 0:00:02]} Bg7 {[%emt 0:00:01]} 5. e3 {[%emt 0:00:01]} Nd7 {[%emt 0:00:01]} 6. Be2 {[%emt 0:00:01]} Ngf6 {[%emt 0:00:01]} 7. Nbd2 {[%emt 0:00:02]} a6 {[%emt 0:00:02]} 8. O-O {[%emt 0:00:01]} O-O {[%emt 0:00:02]} 9. a3 {[%emt 0:00:01]} e6 {[%emt 0:00:01]} 10. Qc2 {[%emt 0:00:03]} Re8 {[%emt 0:00:01]} 11. e4 {[%emt 0:00:02]} dxe4 {[%emt 0:00:01]} 12. Nxe4 {[%emt 0:00:01]} Nxe4 {[%emt 0:00:01]} 13. Qxe4 {[%emt 0:00:01]} Nf6 {[%emt 0:00:01]} 14. Qc2 {[%emt 0:00:02]} Nd5 {[%emt 0:00:04]} 15. Bg3 {[%emt 0:00:03]} h5 {[%emt 0:00:02]} 16. Be5 {[%emt 0:00:02]} Ne7 {[%emt 0:00:24]} 17. Bxg7 {[%emt 0:00:02]} Kxg7 {[%emt 0:00:02]} 18. h3 {[%emt 0:00:02]} Nd5 {[%emt 0:00:01]} 19. Ne5 {[%emt 0:00:02]} Nf4 {[%emt 0:00:15]} 20. Bf3 {[%emt 0:00:02]} Qf6 {[%emt 0:00:04]} 21. Nd3 {[%emt 0:00:05]} Nxh3+ {[%emt 0:00:06]} 22. gxh3 {[%emt 0:00:05]} Qxf3 {[%emt 0:00:01]} 23. Kh2 {[%emt 0:00:06]} e5 {[%emt 0:00:11]} 24. Nxe5 {[%emt 0:00:06]} Qxh3+ {[%emt 0:00:02]} 25. Kg1 {[%emt 0:00:02]} Rxe5 {[%emt 0:00:06]} 26. dxe5 {[%emt 0:00:03]} Bf5 {[%emt 0:00:15]} 27. Qd2 {[%emt 0:00:02]} Be4 {[%emt 0:00:05]} 28. f3 {[%emt 0:00:04]} Bxf3 {[%emt 0:00:09]} 29. Qh2 {[%emt 0:00:06]} Qg4+ {[%emt 0:00:05]} 30. Kf2 {[%emt 0:00:03]} Bd5 {[%emt 0:00:11]} 31. Qg3 {[%emt 0:00:03]} Qf5+ {[%emt 0:00:04]} 32. Kg1 {[%emt 0:00:04]} Qe4 {[%emt 0:00:20]} 33. Qh2 {[%emt 0:00:08]} Re8 {[%emt 0:00:03]} 34. Rf2 {[%emt 0:00:08]} Rxe5 {[%emt 0:00:06]} 35. Raf1 {[%emt 0:00:03]} Rg5+ {[%emt 0:00:06]} 36. Rg2 {[%emt 0:00:03]} Rxg2+ {[%emt 0:00:01]} 37. Qxg2 {[%emt 0:00:01]} Qxg2# {[%emt 0:00:01] Mate Mate Mate (Lag: Av=0.27s, max=0.9s) (Lag: Av=0.27s, max=0.9s) (Lag: Av=0.27s, max=0.9s)} 0-1

[Event "402 Stay Safe Play From Home series"]
[Site "Emanuel Lasker Arena"]
[Date "2020.08.21"]
[Round "7"]
[White "Chesstiger9"]
[Black "Dukic"]
[Result "0-1"]
[WhiteElo "2143"]
[BlackElo "1984"]
[Annotator "TA"]
[PlyCount "102"]
[EventDate "2020.08.21"]
[EventType "swiss (blitz)"]

{[%evp 11,102,29,23,-37,-39,-46,0,0,0,0,0,0,1,-9,-12,0,-3,-403,-412,-570,-553,-612,-624,-1134,-1131,-1084,-1046,-1198,-1163,-1157,-1035,-969,-904,-1007,-903,-892,-894,-884,-892,-991,-844,-874,-862,-979,-963,-1029,-937,-931,-922,-896,-855,-983,-966,-1034,-1024,-1033,-1027,-1041,-984,-1079,-1075,-1090,-1129,-1152,-1132,-1237,-1236,-1248,-1220,-1169,-1172,-1243,-1212,-1320,-1300,-2005,-1966,-29975,-29979,-29984,-11595,-29986,-29987,-29987,-29988,-29988,-29989,-29989,-29990,-29990,-29991,-29991,-29992]} 1. d4 d6 2. Nf3 Nf6 3. Nc3 Nbd7 4. e4 e5 5. Bc4 Be7 6. h3 O-O 7. g4 {C41: Philidor Defence.} ({White should try} 7. O-O $11) 7... c6 8. a4 {[#]} Qa5 $146 {Threatens to win with ...Nxe4.} ({Predecessor:} 8... Qc7 9. dxe5 dxe5 10. Ng5 h6 11. Nxf7 Rxf7 12. h4 g6 13. Qf3 Nd5 14. Nxd5 cxd5 15. Bxd5 {1-0 (33) Emodi,G (2410)-Klemanic,E (2220) Sarospatak 1995}) 9. O-O {The position is equal.} b5 10. Bd3 {Threatening b4.} b4 11. Ne2 c5 12. dxe5 Nxe5 13. Nxe5 dxe5 14. f4 $2 {[%mdl 8192] [#] Now White is beyond hope.} (14. Ng3 $11) 14... c4 $1 $19 {[%mdl 576] Decoy} 15. Bxc4 Qc5+ {[%mdl 64] Double Attack} 16. Kg2 {Bd3 would now be nice for White.} Qxc4 17. fxe5 Qxe4+ 18. Rf3 Bb7 19. Ng1 Qxe5 20. Qe2 Qxe2+ 21. Nxe2 Bd6 22. g5 Nh5 23. Kf2 Bxf3 24. Kxf3 Rfe8 25. Nd4 g6 26. Bd2 a5 27. Nb5 Be5 28. c3 Red8 29. Be3 bxc3 30. bxc3 Ng7 31. Bd4 Bxd4 32. cxd4 Ne6 33. Rd1 Nxg5+ {[%mdl 64] Double Attack} 34. Kf4 Ne6+ 35. Ke4 Rd7 36. h4 Re8 {( -> ...Nxd4+)} 37. Kf3 Rd5 38. Rd2 Red8 39. Ke4 f5+ 40. Ke3 Kf7 41. Rd1 Kf6 42. Rd2 h6 43. Rd1 g5 44. hxg5+ hxg5 45. Rd2 g4 (45... f4+ $142 46. Kf2 g4 47. Kf1 Nxd4 48. Nc3 Rh5 49. Kf2 Rh3 50. Ne2 g3+ 51. Nxg3 fxg3+ 52. Kf1 Rh1+ 53. Kg2 Rh2+ 54. Kxg3 Rxd2 55. Kg4 Rg8+ 56. Kf4 Nf5 57. Ke4 Rg3 58. Kf4 Rd4#) 46. Rd1 Kg5 {Black mates.} 47. Rd2 {[#]} Nxd4 $1 48. Nxd4 f4+ 49. Ke4 {[#]} Rxd4+ $1 50. Rxd4 Rxd4+ 51. Kxd4 g3 {Accuracy: White = 40%, Black = 88%.} 0-1

[Event "402 Stay Safe Play From Home series"]
[Site "Emanuel Lasker Arena"]
[Date "2020.08.21"]
[Round "7"]
[White "Lazieri3"]
[Black "Padmaesh M K"]
[Result "1-0"]
[WhiteElo "2029"]
[BlackElo "1857"]
[Annotator "TA"]
[PlyCount "149"]
[EventDate "2020.08.21"]
[EventType "swiss (blitz)"]

{[%evp 9,148,-20,-28,-25,-6,-8,-3,-9,-11,-14,-10,-4,14,9,31,26,22,15,127,123,116,116,119,129,128,132,129,117,125,90,92,72,29999,134,150,104,164,168,163,173,172,162,168,140,172,164,156,156,658,619,615,395,394,385,406,399,373,371,340,0,256,220,247,225,228,236,398,400,587,337,653,650,29991,29970,29991,29992,29992,29987,29987,29988,29988,29989,29988,663,1242,1218,2525,1784,12837,12838,12838,12839,12840,12840,12841,12842,12844,12844,12845,12845,12845,12846,12847,12844,12847,12845,12845,12845,12846,12845,12848,12846,12848,12847,12847,12847,12849,12849,12850,12849,12849,12850,12850,12849,12850,12850,12851,27999,27999,27999,27999,27999,27998,27999,27998,27999,27998,27999,27998,27999,27999]} 1. e4 c5 2. Nc3 Nc6 3. Nf3 e5 4. d3 d6 5. Bg5 Be7 {[#]} 6. Be3 $146 {B30: Sicilian: 2...Nc6 3 Bb5, lines without ...g6.} ({Predecessor:} 6. Qd2 h6 7. Bxe7 Ngxe7 8. g3 Bg4 9. Bg2 Bxf3 10. Bxf3 Nd4 11. Bg4 O-O 12. O-O-O {1-0 (56) Haardt,O (1152)-Albrecht,E (838) Frankfurt 2016}) 6... f5 7. g3 Nf6 8. Bg2 {The position is equal.} fxe4 9. dxe4 O-O 10. O-O Be6 11. Ng5 Bg4 12. f3 Bd7 13. Nd5 Nxd5 (13... Kh8 $11) 14. Qxd5+ $16 Kh8 15. Nf7+ Rxf7 16. Qxf7 Nd4 {[#]} 17. Bxd4 $1 cxd4 18. f4 Bf6 19. fxe5 dxe5 20. c3 Be8 $2 {[%mdl 8192] [#]} (20... dxc3 $16 21. bxc3 Qb6+ 22. Kh1 Be6) 21. Qd5 $2 (21. Qf8# {mates}) 21... Qb6 {White should prevent ...dxc3+.} 22. Qb3 Qc5 (22... Bb5 $16 {was worth a try.}) 23. cxd4 $18 ({But not} 23. Qxb7 d3+ 24. Kh1 Rd8 $16) 23... Qxd4+ 24. Kh1 Bc6 25. Rad1 Qc5 26. Rc1 Qa5 27. a3 Rg8 28. Qf7 Qa4 $2 (28... Qd8 $16 29. Rcd1 Qe7) 29. Rxf6 gxf6 30. Qxf6+ Rg7 31. Qxe5 {Rf1 is the strong threat.} h6 32. Rf1 Kh7 33. Qf5+ Rg6 34. Qe5 Rg7 35. Bf3 Qc4 {[%cal Rc4f1]} 36. Rd1 Qf7 37. Kg2 Ba4 $2 (37... Rg5 38. Qd6 Rg6) 38. Rd6 Bd7 (38... Rg5 $142 39. Qc3 Bc6) 39. Qd4 Bb5 $2 (39... Bh3+ 40. Kf2 Qc7) 40. e5 {Threatening mate with Rxh6+!} a6 41. Be4+ Kh8 42. Rxh6+ Kg8 43. Bd5 Bc6 44. Bxc6 bxc6 {[%mdl 4096] Endgame KQR-KQR} 45. Qd8+ Qf8 46. Qxf8+ (46. Rh8+ $142 Kxh8 47. Qxf8+ Kh7 48. e6 c5 49. e7 Rg8 50. Qf7+ Kh8 51. e8=Q) 46... Kxf8 47. Rxc6 {KR-KR} Re7 48. Rxa6 Rxe5 49. b4 Re2+ 50. Kh3 Ke7 51. b5 Kd7 52. a4 Kc7 53. a5 Ra2 54. b6+ Kb7 55. Ra7+ Kb8 56. Kg4 Rxh2 57. Kf4 Rf2+ 58. Kg5 Rb2 59. g4 Kc8 60. Kf6 Kd8 61. g5 Rf2+ 62. Kg7 Rb2 63. b7 Kc7 64. a6 Kb8 65. Ra8+ Kc7 66. Rc8+ Kd7 67. b8=Q Rxb8 68. Rxb8 {KR-K} Kc7 {White mates.} 69. a7 Kc6 70. a8=Q+ Kd6 71. Rb7 Ke5 72. Qa6 Kf4 73. Rb5 Kg4 74. Qa4+ Kh5 75. g6# {Accuracy: White = 71%, Black = 54%.} 1-0